000 01970cam a2200349 4500
001 8704
008 120822t20052005nyu b 001 0 eng d
020 _a1400082161 (pbk.)
020 _a9781400082162 (pbk.)
092 _a615.851
_bO72p, 2005
100 1 _aOrloff, Judith,
_e
245 1 0 _aPositive energy :
_b10 extraordinary prescriptions for transforming fatigue, stress and fear into vibrance, strength and love /
_cJudith Orloff, M.D
250 _aFirst paperback edition
264 1 _aNew York :
_bThree Rivers Press,
_c[2005]
300 _ax, 369 pages ;
_c21 cm
336 _atext
_2rdacontent
337 _aunmediated
_2rdamedia
338 _avolume
_2rdacarrier
504 _aIncludes bibliographical references (pages 355-357) and index
505 0 _aThe first prescription : awaken intuition and rejuvenate yourself -- The second prescription : find a nurturing spiritual path -- The third prescription : design an energy-aware approach to diet, fitness, and health -- The fourth prescription : generate positive emotional energy to counter negativity -- The fifth prescription : develop a heart-centered sexuality -- The sixth prescription : open yourself to the flow of inspiration and creativity -- The seventh prescription : clebrate the sacredness of laughter, pampering and the replenishment of retreat -- The eighth prescription : attractive positive people and situations -- The ninth prescription : protect yourself from energy vampires -- The tenth prescription : create abundance
650 0 _aEnergy medicine
650 0 _aEnergy psychology
650 0 _aForce and energy
_xTherapeutic use
650 0 _aMental healing
650 0 _aPower (Mechanics)
_xTherapeutic use
650 0 _aPower resources
_xTherapeutic use
650 0 _aSelf-actualization (Psychology)
650 7 _aEnergy psychology.
_2
_0
650 7 _aMental healing.
_2
_0
650 7 _aSelf-actualization (Psychology)
_2
_0
999 _c7541
_d7541